000 00449nam a22001697a 4500
999 _c153878
_d153878
005 20181217153616.0
020 _a9788131300145
_c495.00
035 _aB-216412
082 _a372.7044
100 _aRam Sharan
245 _aTeaching of mathematics/
_cby Ram sharan [and] Manju sharma
260 _aNew Delhi
_bAPH publishingcorporation
_c2006
300 _a207p;
_c23cm(Hbk)
500 _aincldues bibliogaphy
942 _2ddc
_cEN